Sstĕpná Zahrádka W nĕg se nacházagu Mocné, a nábožné Modlitby Ranné, a Wečerné, pri Mssy Swateg, Nessporu, Spowĕdi, tež k Prigjmánj Welebneg Swatosti Oltárneg K Neyswĕtĕgsseg Trogicy, ku Krystu Pánu, a geho horkém Vmučenj, k Neyblahosláwenĕgssý Matce Božj, k Swateg Annĕ, k S. Jozeffu, k S. Antonjnu, S. Jánu Nepomuckému, a k giným Swatými, za Žiwých, Vmjragjcych, a Mrtwých; S pridaným Zrc[a]dl[e]m Spowĕdi; spolu s gedenáctmi Letanyámi: Obsazené ; nynj pak Slowensky preložené. Pro Osobu Žensku

Bibliographic Details
Main Author: Martin von Cochem, 1634-1712 (Author)
Corporate Author: Trnavská tlačiareň (Trnava, Slovensko) (Printer)
Other Authors: Schlechter, Ant (Illustrator)
Format: Book
Language:Slovak
German
PhysicalDescription:456 strán, 12 nečíslovaných strán frontispice 13 cm
Subjects:

MARC

LEADER 00000nam a2200000 4500
001 vtls011915587
003 SK-MaSNL
005 20260301225318.0
008 210906s1775 xo a 0 0n0 slo
015 |a SNBHFA1775 
035 |a urn:nbn:sk:snk-am00fiuf 
035 |a urn:nbn:sk:snk-am3itlh 
035 |a 3E014CB3-B0D5-4E35-B36F-6F5F1E4D53FC 
040 |a SNKHF  |b slo  |c SNKHF  |e rda 
041 1 |a slo  |h ger 
043 |a e-xo--- 
044 |a xo  |c SK 
072 7 |a 2  |x Náboženstvo  |2 konspekt 
080 |a 26‑534.3  |2 2011 
100 0 |a Martin von Cochem,  |d 1634-1712  |4 aut  |9 282010 
245 1 0 |a Sstĕpná Zahrádka  |b W nĕg se nacházagu Mocné, a nábožné Modlitby Ranné, a Wečerné, pri Mssy Swateg, Nessporu, Spowĕdi, tež k Prigjmánj Welebneg Swatosti Oltárneg K Neyswĕtĕgsseg Trogicy, ku Krystu Pánu, a geho horkém Vmučenj, k Neyblahosláwenĕgssý Matce Božj, k Swateg Annĕ, k S. Jozeffu, k S. Antonjnu, S. Jánu Nepomuckému, a k giným Swatými, za Žiwých, Vmjragjcych, a Mrtwých; S pridaným Zrc[a]dl[e]m Spowĕdi; spolu s gedenáctmi Letanyámi: Obsazené ; nynj pak Slowensky preložené. Pro Osobu Žensku  |c Skrze Pátera Martina Kochem, Rádu kapuc. prow. reynské Kazatele w Gazyku Nĕmeckém 
264 3 |a Wytisstĕná w Trnawĕ  |b [Trnavská tlačiareň]  |c Roku Pánĕ 1775 
300 |a 456 strán, 12 nečíslovaných strán  |b frontispice  |c 13 cm 
336 |a text  |b txt  |2 rdacontent 
337 |a bez média  |b n  |2 rdamedia 
338 |a zväzok  |b nc  |2 rdacarrier 
500 |a Frontispice signované Ant. Schlechterom. Titulná strana v ozdobnom rámčeku. Ozdobné linky. Ozdobné iniciály. Drevorezy. Zložky. Kustody 
504 |a Živé záhlavie. Register 
546 |a Slovenčina  |b Fraktúra 
562 |a Defekt - chybne zviazané strany na začiatku 
610 2 7 |a Rímskokatolícka cirkev  |2 SNKKA  |9 32394 
650 0 7 |a modlitby  |2 SNKPH  |9 1743 
650 0 7 |a litánie  |2 SNKPH  |9 2016 
700 1 |a Schlechter, Ant.  |4 ill  |9 618721 
710 2 |a Trnavská tlačiareň (Trnava, Slovensko),  |d 1773-1777  |4 prt  |9 310215 
752 |a Slovensko  |d Trnava 
958 |a ONDV 
958 |a DD 
958 |a NT 
999 |c 950435  |d 952365 
952 |a SNK  |b SNK  |y PREZ  |7 0  |p 17A0732020  |o snkSE 556  |i snk1969/34  |0 0  |1 0  |4 0  |d 2020-02-05  |f 1  |l 0  |r 2026-02-24 09:46:41  |w 2026-02-24